000 01789nam0a2200361 i 4500
001 RU\NLR\BIBL_A\010020146
005 20241114175545.0
010 _a9785903143181
_9500
021 _aRU
_b2013-93532
_96480
035 _a(NILC)RuMoRGB-006700836
035 _a(NLR Aleph) 010020146
090 _a9897249
_c9897249
100 _a20140110d2013 km y0rusy50 ca
101 0 _arus
102 _aRU
105 _aa||||||||||||
200 1 _aИспользование информационно-коммуникационных технологий в образовательной и научной деятельности технического вуза
_eмонография
_f[С. В. Панюкова, А.А. Митрошин, С.Г. Чеглакова и др.]
_gпод ред. д.п.н., проф. Светланы Валерьевны Панюковой, д.т.н., проф. Виктора Сергеевича Гурова
210 _aРязань
_cРязанский государственный радиотехнический университет
_d2013
215 _a326 с.
_cил.
_d20
300 _aАвт. указаны на обороте тит. л.
320 _aБиблиогр. в конце гл.
606 _aВысшее техническое образование
_xИнформационные технологии
_92112016
_3RU\NLR\AUTH\661579771
675 _a378.662
686 1 _aЧ488.712.31
701 1 _aПанюкова
_bС. В.
_gСветлана Валерьевна
701 1 _aМитрошин
_bА.А.
701 1 _aЧеглакова
_bС.Г.
801 0 _aRU
_bRuMoRKP
_c20131121
_gRCR
801 2 _aRU
_bРГБ
_c20131203
_grcr
801 1 _aRU
_bRuMoRKP
_c20131121
_2rusmarc
942 _cBOOK
980 _aNBR